| Tag |
First Indicator |
Second Indicator |
Subfields |
| LEADER |
00000cam a2200000Ia 4500 |
| 001 |
in00002781845 |
| 006 |
m d |
| 007 |
cr cn||||||||| |
| 008 |
110506s2012 enk ob 001 0 eng d |
| 005 |
20250816210445.7 |
| 010 |
|
|
|z 2011017342
|
| 020 |
|
|
|z 0415561418
|
| 020 |
|
|
|z 0415561426
|
| 020 |
|
|
|z 9780415561419
|
| 020 |
|
|
|z 9780415561426
|
| 020 |
|
|
|z 9781136475771
|
| 035 |
|
|
|a (CaPaEBR)ebr10545492
|
| 035 |
|
|
|a (OCoLC)787851158
|
| 040 |
|
|
|a CaPaEBR
|c CaPaEBR
|d UtOrBLW
|
| 050 |
1 |
4 |
|a BF76.45
|b .R53 2012eb
|
| 082 |
0 |
4 |
|a 155.8/2
|2 23
|
| 100 |
1 |
|
|a Richards, Graham,
|d 1941-
|
| 245 |
1 |
0 |
|a Race, racism and psychology :
|b towards a reflexive history /
|c Graham Richards.
|
| 250 |
|
|
|a 2nd ed.
|
| 264 |
|
1 |
|a Hove, East Sussex ;
|a New York :
|b Psychology Press,
|c 2012.
|
| 300 |
|
|
|a 1 online resource (xxi, 511 pages)
|
| 336 |
|
|
|a text
|b txt
|2 rdacontent
|
| 337 |
|
|
|a computer
|b c
|2 rdamedia
|
| 338 |
|
|
|a online resource
|b cr
|2 rdacarrier
|
| 504 |
|
|
|a Includes bibliographical references (pages [429]-485) and index.
|
| 500 |
|
|
|a Electronic resource.
|
| 650 |
|
0 |
|a Racism in psychology.
|
| 650 |
|
0 |
|a Psychology.
|
| 655 |
|
7 |
|a Electronic books.
|2 local
|
| 710 |
2 |
|
|a ebrary, Inc.
|
| 856 |
4 |
0 |
|u https://ebookcentral.proquest.com/lib/tamucs/detail.action?docID=958546
|y Connect to the full text of this electronic book
|t 0
|
| 980 |
|
|
|a 121102
|b 110
|c USD
|e 110
|f YBP_EBR0000045794
|g 1
|
| 999 |
f |
f |
|s 11d2380e-83d8-3492-96e9-4b23dd9bc34e
|i cdc49112-ffd9-34cc-a46a-4e70370cc76b
|t 0
|
| 999 |
|
|
|a MARS
|
| 952 |
f |
f |
|a Texas A&M University
|b College Station
|c Electronic Resources
|d Available Online
|t 0
|e BF76.45 .R53 2012eb
|h Library of Congress classification
|
| 998 |
f |
f |
|a BF76.45 .R53 2012eb
|t 0
|l Available Online
|